Statistics for 5 most strongest martin

Click here to take the quiz!

General Stats

  • This quiz has been taken 9 times
  • The average score is 3 of 6

Answer Stats

Answer% Correct
an
100%
Andrew Mattin
67%
Ray Pasha (While alive)
67%
Fayh Pasha
33%
Gayh Pasha
33%
Mr. Martin
33%

Score Distribution

Percentile by Number Answered

Percent of People with Each Score

Your Score History

You have not taken this quiz